Materialojemkost' produkcii Voprosy sniženija

Saved in:
Bibliographic Details
Main Author: Poljak, Anatolij Markovič
Format: Book
Language:Russian
Published: Moskva Ekonomika 1986
Edition:1. izd.
Tags: Add Tag
No Tags, Be the first to tag this record!

MARC

LEADER 00000nam a2200000 4500
001 c032298
005 20221220073925.9
041 0 |a rus 
044 |a RU 
245 1 0 |a Materialojemkost' produkcii  |b Voprosy sniženija  |c Anatolij Markovič Poljak 
250 |a 1. izd. 
264 1 |a Moskva  |b Ekonomika  |c 1986 
300 |a 70 s. 
100 1 |a Poljak, Anatolij Markovič